| 000 | 00430nam a22001457a 4500 | ||
|---|---|---|---|
| 003 | SGT | ||
| 020 | _a9780367024536 | ||
| 082 | _a370,AND | ||
| 100 | _aANDERSON,ANG | ||
| 245 |
_aVirtual Reality, Augmented Reality and Artificial Intelligence in Special Education _bA Practical Guide to Supporting Students with Learning Differences |
||
| 260 |
_aLODON _bROUTEDGE _c2019 |
||
| 300 | _a111 | ||
| 650 | _aEDUCATION | ||
| 942 |
_2ddc _cBK |
||
| 999 |
_c27182 _d27182 |
||